=LDR 00000nam 2200000 4500 =001 INLIS000000000000324 =005 20150309100938.0 =006 =007 =008 Ind =035 ##$$0010-061300000000324 =041 ##$$a Ind =082 ##$$a 613.94 =090 ##$$a 613.94 Coo p =100 ##$$a Coreper, Wuidy =245 ##$$a Pil kontrasepsi : apa yang anda ketahui / Wendy Cooper ; alih bahasa, Gianto Widianto =260 ##$$a Jakarta$bArcan$c2003 =300 ##$$a vi, 121 hlm. : ilus. ; 20 cm =650 ##$$a Kontrasepsi =700 ##$$a Widianto, Gianto =850 ##$$a NBPNMAT